Library Logo

Pioneer International University Library Catalogue

Leading Lives (Record no. 9871)

MARC details
000 -LEADER
fixed length control field 00375nam a22001457a 4500
003 - CONTROL NUMBER IDENTIFIER
control field OSt
005 - DATE AND TIME OF LATEST TRANSACTION
control field 20251204102521.0
008 - FIXED-LENGTH DATA ELEMENTS--GENERAL INFORMATION
fixed length control field 251204b |||||||| |||| 00| 0 eng d
020 ## - INTERNATIONAL STANDARD BOOK NUMBER
International Standard Book Number 1588105830
040 ## - CATALOGING SOURCE
Transcribing agency Heinemann Library
050 ## - LIBRARY OF CONGRESS CALL NUMBER
Classification number DS113 .D69 2002
245 ## - TITLE STATEMENT
Title Leading Lives
Statement of responsibility, etc. Arafat, Yasser
260 ## - PUBLICATION, DISTRIBUTION, ETC.
Place of publication, distribution, etc. Chicago Illinois
Name of publisher, distributor, etc. Heinemann Library
Date of publication, distribution, etc. 2002
942 ## - ADDED ENTRY ELEMENTS (KOHA)
Source of classification or shelving scheme Dewey Decimal Classification
Koha item type Books
Suppress in OPAC No
Holdings
Withdrawn status Lost status Source of classification or shelving scheme Damaged status Not for loan Home library Current library Date acquired Total checkouts Barcode Date last seen Price effective from Koha item type
    Library of Congress Classification     PIU Library PIU Library 12/04/2025   PIUDL894 12/04/2025 12/04/2025 Books